Camden Underground Stations Quiz Stats

 Plays Quiz not verified by Sporcle

Challenge
Share
Tweet
Score 0/17 Timer 07:00
0 Plays Today
Station % Correct
Camden Town
97.5%
Euston
97.5%
King's Cross St Pancras
97.5%
Mornington Crescent
96.6%
Euston Square
92.4%
Holborn
89.8%
Warren Street
89.8%
Chalk Farm
88.1%
Belsize Park
83.9%
Station % Correct
Finchley Road
81.4%
Hampstead
81.4%
Russell Square
81.4%
Kentish Town
80.5%
Swiss Cottage
80.5%
Goodge Street
79.7%
Chancery Lane
78%
West Hampstead
76.3%

You're not logged in!

Compare scores with friends on all Sporcle quizzes.
OR
Log In

You Might Also Like...

Show Comments

Extras

Top Quizzes Today


Score Distribution

Your Account Isn't Verified!

In order to create a playlist on Sporcle, you need to verify the email address you used during registration. Go to your Sporcle Settings to finish the process.

Report this User

Report this user for behavior that violates our Community Guidelines.

Details: